00864nam a2200217Ia 4500003000900000008004100009040001600050080002200066111010600088245018000194260004100374300001400415490003000429650003300459650004100492650002000533700002300553700002000576700002200596710002800618IN-BaIIA211028s9999 xx 000 0 eng d cIIA Library a520.2(082.2)bESO aESA/ESO Workshop on Astronomical Uses of the Space TelescopecSwitzerlandd1982 Mar. 29- Apr. 30 0aAstronomical uses of the space telescopebproceedings of ESA/ ESO workshop held at Geneva, Switzerland, 12-14 February 1979cedited by F. Macchetto, F. Pacini and M. Tarenghi. aGermanybEuropean Space Agencyc1979 axx, 407p. aESO coference proceedings aAstronomical instrumentation aAstronomy and astrophysics thesaurus aSpace telescope aMacchetto, F., ed. aPacini, F., ed. aTarenghi, M., ed. aEuropean Space Agency